| 000 | 01097nam a2200373 a 4500 | ||
|---|---|---|---|
| 001 | vtls000010372 | ||
| 003 | NLI | ||
| 005 | 20210601181016.0 | ||
| 008 | 101125s1975 ii 001 0 eng | ||
| 020 | _cRs. 29.00 | ||
| 039 | 9 |
_y201011250049 _zVLOAD |
|
| 040 | 0 |
_aNLI _beng _cVERGIS-2003 |
|
| 041 | 0 | _aeng | |
| 044 | _aii | ||
| 082 | 0 | 4 | _a621.31 |
| 100 | 1 |
_aToro, Vincent Del _936821 |
|
| 245 | 1 | 0 |
_aElectromechanical devices for energy conversion and control systems/ _cVincent Del Toro |
| 260 |
_aNew Delhi: _bPrentice-Hall of India, _c1975 |
||
| 300 |
_axx, 617 p.; _c23 cm. |
||
| 500 | _aIncludes index | ||
| 504 | _aBibliography: p. 607 - 609 | ||
| 650 | 0 |
_aElectromagnetic devices _936822 |
|
| 650 | 0 |
_aElectromagnetic theory _936074 |
|
| 650 | 0 |
_aElectromagnetic waves _xTransmission _936823 |
|
| 887 | _aSathya, K. | ||
| 901 |
_aDB.27064 _b09/05/1975 |
||
| 902 | _aE 621.31 D 388 | ||
| 903 | _a27/02/2004 | ||
| 904 | _aSathya, K. | ||
| 906 | _a008990 | ||
| 949 |
_AVIRTUAITEM _D10000 _F1 _X100 _6DBA000027064ENG _aE 621.31 D388 |
||
| 942 |
_2ddc _cBKS |
||
| 999 |
_c14432 _d14432 |
||